| 000 | 01904nam a2200349 c 4500 | ||
|---|---|---|---|
| 003 | BLK | ||
| 005 | 20190503171958.0 | ||
| 008 | 180411b bul|||||r ||||||| ||bul|| | ||
| 010 | _aKNG00191567000 | ||
| 040 | _aBLK | ||
| 041 |
_aBUL _cBUL |
||
| 080 |
_aРазвиване на мисълта. Подвижни упражнения - Упражняване на вниманието и способността за различаване, наблюдаване на природата, гимнастика, ритмични упражнения, ръчна работа и др. _b372.36 _x _z372.36 |
||
| 100 | 1 |
_aДанчева, Руска Господинова _eпърви автор _9342987 |
|
| 700 | 1 |
_aГанева, Мария _eсъавт. _9372244 |
|
| 700 | 1 |
_aЖивкова, Костадинка _eсъавт. _9342988 |
|
| 139 |
_aДанчева, Руска Господинова и др. _bД 22 |
||
| 245 | 1 | 0 |
_aСпортно-подготвителни упражнения и игри в детските градини _bМетод. ръководство _cРуска Господинова Данчева; съавт. Мария Ганева; съавт. Костадинка Живкова. |
| 257 | _aBGR | ||
| 260 |
_аСофия _bМедицина и физкултура _c1985 |
||
| 300 |
_a151 с. _bс ил. _c20 см |
||
| 380 | _a3 | ||
| 500 | _aАвт. не са отбелязани на кор.- Библиогр. с. 148-149 | ||
| 650 | 4 |
_aФизическо възпитание - в детска градина - методика на преподаването _9308039 |
|
| 653 | _aспортни игри | ||
| 653 | _aдетски градини | ||
| 653 | _aръководства | ||
| 852 | _aЦб 138865 | ||
| 856 | 4 |
_qpdf _u |
|
| 856 | 4 |
_qpdf _u |
|
| 942 |
_cKNG _n0 _01 |
||
| 944 |
_aCR _c05.10.2016 _kХристина_Везирева |
||
| 944 |
_aED _c07.10.2016 _kХристина_Везирева |
||
| 999 |
_c182642 _d182642 |
||